La punción pulmonar / (Record no. 59953)

MARC details
000 -LEADER
campo de control de longitud fija 00665nam a2200181 i 4500
001 - NÚMERO DE CONTROL
campo de control 59953
003 - IDENTIFICADOR DE NÚMERO DE CONTROL
campo de control ES-MaACL
005 - FECHA Y HORA DE LA ÚLTIMA TRANSACCIÓN
campo de control 20230906164128.0
007 - CAMPO FIJO DE DESCRIPCIÓN FÍSICA--INFORMACIÓN GENERAL
campo de control de longitud fija t|
008 - DATOS DE LONGITUD FIJA--INFORMACIÓN GENERAL
campo de control de longitud fija 031031s1921 sp ||||1| spa d
100 1# - ENTRADA PRINCIPAL--NOMBRE DE PERSONA
Nombre de persona Eskuchen, Karl.
9 (RLIN) 47727
245 13 - MENCIÓN DEL TÍTULO
Título La punción pulmonar /
Mención de responsabilidad, etc. técnica por Karl Eskuchen ; con un prólogo de M. Nonne ; traducido del alemán, previas corrección y adiciones del autor por José Mª de Corral.
260 ## - PUBLICACIÓN, DISTRIBUCIÓN, ETC.
Lugar de publicación, distribución, etc. Madrid :
Nombre del editor, distribuidor, etc. Calpe,
Fecha de publicación, distribución, etc. 1921 (
Fabricante Jiménez y Molina)
300 ## - DESCRIPCIÓN FÍSICA
Extensión XX, 246 p., 2 lám. :
Otras características físicas il. ;
Dimensiones 25 cm.
700 1# - ENTRADA AGREGADA--NOMBRE PERSONAL
Nombre de persona Nonne, M.
9 (RLIN) 85945
700 1# - ENTRADA AGREGADA--NOMBRE PERSONAL
Nombre de persona Corral, José María de (
Fechas asociadas al nombre 1889-1971)
9 (RLIN) 40715
852 ## - LOCALIZACIÓN
Ubicación ES-MaACL
Número de control de estantería E-1338
Holdings
Estatus retirado Estado de pérdida Estado de daño No para préstamo Biblioteca de origen Biblioteca actual Ubicación en estantería Fecha de adquisición Fuente de adquisición Total de préstamos Signatura topográfica completa Código de barras Visto por última vez Precio de reemplazo Tipo de ítem Koha
        Biblioteca del Ateneo de Madrid Biblioteca del Ateneo de Madrid Depósito 2 17/01/2008     E-1338 1062877 23/02/2023 23/02/2023 Libro impreso